Follow That Line: Psych Quiz Stats

Quiz Updated Apr 17, 2015

Also try: Psych Theme Song
Challenge
Share
Tweet
Embed
Score 0/24 Timer 09:00
4 Plays Today
% Correct
Actually, I've been promoted. It's Captain Crunch.
94.8%
I did get you a donut. And then I ate it.
93.8%
A person again.
92%
Which I can't do because my license to kill has been revoked.
91.9%
I don't want my soul suffering eternal damnation for disrupting the sleep of an Egyptian canal digger.
91.6%
The extra T is for extra talent.
90.2%
It's like every newscast begins with a lie.
90%
But your eyes said yes.
89.5%
And then, another dude with a cape and a codpiece just gave you a half-nod.
89.5%
FINGER prints!
88.1%
I thought they called you Big-Head Burton.
87.8%
That was Tom Hanks in The Terminal.
86.9%
% Correct
I honestly have no response to that.
86.8%
I mean, assuming their pants aren't on fire.
86.4%
And if there's time in between? ThunderCats. Ho-oh!
83.2%
It really depends on how you fold it, doesn't it?
82.2%
Matter of fact, Lego wants to sponsor me this year.
81.7%
Is it your shirt? Please say no.
81.3%
Beyond that, I'm wide open.
80.5%
I should ask you a different question.
80.4%
Half of an 11 pound black forest ham.
80.1%
You want me to come with you to awkward class.
79.5%
Maybe an eccentric who looks good in jeans.
78.6%
Eating my breakfast. I was having a poached egg with hollandaise sauce on an English muffin.
70.8%

You're not logged in!

Compare scores with friends on all Sporcle quizzes.
Sign Up with Email
OR
Log In

You Might Also Like...

Show Comments

Extras

Top Quizzes Today


Score Distribution

Your Account Isn't Verified!

In order to create a playlist on Sporcle, you need to verify the email address you used during registration. Go to your Sporcle Settings to finish the process.